Statistiques concernant Images satellites n°4

Cliquez ici pour prendre le quiz!

Statistiques générales

  • Ce quiz a été pris 5 520 fois
  • Le résultat moyen est 9 sur 17

Statistiques - réponses

Réponse% Correct
Alaska
94%
Corse
94%
Dubaï
86%
Irlande
86%
La Manche
85%
Scandinavie
76%
Hispaniola
47%
Lac Michigan
45%
Pays de Galles
41%
Lac Victoria
37%
Îles Canaries
35%
Crimée
34%
Yucatán
33%
Hokkaidō
26%
Kamtchatka
24%
Îles Malouines
17%
Grand lac de l'Ours
10%

Distribution des résultats

Percentile par nombre de réponses

% des personnes avec chaque résultat

Votre développement - résultats

Vous n’avez pas pris ce quiz